000 00909nas a2200205 a 4500
001 38492
003 BD-RjUL
005 20211209052816.0
008 151220s1955 ii ||||| |||| 00| 0 ben d
035 _a(BD-RjUL)38597
040 _aBD-RjUL
_bben
_cBD-RjUL
041 _aben
082 _a891.4405
_bSAN 1955
245 _aশনিবারের চিঠি /
_cসম্পাদক সজনীকান্ত দাস
260 _aকলিকাতা :
_bশনিরঞ্জন প্রেস,
_c১৯৫৫.
300 _a২৭শ বর্ষ (সং. ১০-১১) শ্রাবন-ভাদ্র ১৯৬২ , ২৮শ বর্ষ (সং. ৩-৬) পেৌষ-চৈত্র ১৩৬২ ;
_c২৪ সেমি.
650 _aবাংলা সাহিত্য
_vসাময়িকী
_9116891
650 _aBengali Lillterature
_vPeriodicals
_9118839
942 _2ddc
_cCR
999 _c38492
_d38492